Numerical problems in physics Vol 2 (Record no. 121883)
[ view plain ]
| 000 -LEADER | |
|---|---|
| fixed length control field | 00946nam a2200337Ia 4500 |
| 003 - CONTROL NUMBER IDENTIFIER | |
| control field | OSt |
| 005 - DATE AND TIME OF LATEST TRANSACTION | |
| control field | 20250806143216.0 |
| 008 - FIXED-LENGTH DATA ELEMENTS--GENERAL INFORMATION | |
| fixed length control field | 210210b2016 xxu||||| |||| 00| 0 eng d |
| 020 ## - INTERNATIONAL STANDARD BOOK NUMBER | |
| International Standard Book Number | 9788184874501 |
| 040 ## - CATALOGING SOURCE | |
| Transcribing agency | AL |
| 041 ## - LANGUAGE CODE | |
| Language code of text/sound track or separate title | eng |
| 082 ## - DEWEY DECIMAL CLASSIFICATION NUMBER | |
| Classification number | 530.02 PANN |
| 100 ## - MAIN ENTRY--PERSONAL NAME | |
| Personal name | Pandey, Shashi Kant |
| 9 (RLIN) | 214163 |
| 245 ## - TITLE STATEMENT | |
| Title | Numerical problems in physics Vol 2 |
| 260 ## - PUBLICATION, DISTRIBUTION, ETC. | |
| Place of publication, distribution, etc. | New Delhi |
| Name of publisher, distributor, etc. | Narosa Publishing House |
| Date of publication, distribution, etc. | 2016 |
| 300 ## - PHYSICAL DESCRIPTION | |
| Extent | x,531p |
| 440 ## - SERIES STATEMENT/ADDED ENTRY--TITLE | |
| Title | Vol 2 |
| 9 (RLIN) | 214164 |
| 520 ## - SUMMARY, ETC. | |
| Summary, etc. | Mechanics, thermal physics, circuit fundamentals, electronics and spectroscopy |
| 650 ## - SUBJECT ADDED ENTRY--TOPICAL TERM | |
| Topical term or geographic name entry element | thermal |
| 9 (RLIN) | 214166 |
| 650 ## - SUBJECT ADDED ENTRY--TOPICAL TERM | |
| Topical term or geographic name entry element | spectroscopy |
| 9 (RLIN) | 214167 |
| 650 ## - SUBJECT ADDED ENTRY--TOPICAL TERM | |
| Topical term or geographic name entry element | problems |
| 9 (RLIN) | 214168 |
| 650 ## - SUBJECT ADDED ENTRY--TOPICAL TERM | |
| Topical term or geographic name entry element | Mechanics |
| 9 (RLIN) | 214171 |
| 650 ## - SUBJECT ADDED ENTRY--TOPICAL TERM | |
| Topical term or geographic name entry element | fundamentals |
| 9 (RLIN) | 214172 |
| 650 ## - SUBJECT ADDED ENTRY--TOPICAL TERM | |
| Topical term or geographic name entry element | electronics |
| 9 (RLIN) | 214173 |
| 650 ## - SUBJECT ADDED ENTRY--TOPICAL TERM | |
| Topical term or geographic name entry element | circuit |
| 9 (RLIN) | 214174 |
| 650 ## - SUBJECT ADDED ENTRY--TOPICAL TERM | |
| Topical term or geographic name entry element | 2 |
| 9 (RLIN) | 214175 |
| 690 ## - LOCAL SUBJECT ADDED ENTRY--TOPICAL TERM (OCLC, RLIN) | |
| Topical term or geographic name as entry element | Physics Problems |
| 9 (RLIN) | 214176 |
| 700 ## - ADDED ENTRY--PERSONAL NAME | |
| Personal name | Singh. Devraj |
| 9 (RLIN) | 214177 |
| 906 ## - LOCAL DATA ELEMENT F, LDF (RLIN) | |
| a | 071965 |
| 942 ## - ADDED ENTRY ELEMENTS (KOHA) | |
| Source of classification or shelving scheme | Dewey Decimal Classification |
| Koha item type | Reference |
| Withdrawn status | Lost status | Source of classification or shelving scheme | Damaged status | Not for loan | Collection code | Home library | Current library | Shelving location | Date acquired | Source of acquisition | Cost, normal purchase price | Total Checkouts | Full call number | Barcode | Date last seen | Price effective from | Koha item type |
|---|---|---|---|---|---|---|---|---|---|---|---|---|---|---|---|---|---|
| Dewey Decimal Classification | Physics | St Aloysius Library | St Aloysius Library | Stack Section | 02/17/2021 | Biblios Book Point, Surathkal-575014 | 495.00 | 530.02 PANN | 071966 | 02/17/2021 | 02/17/2021 | Book | |||||
| Dewey Decimal Classification | Reference Book | Physics | St Aloysius Library | St Aloysius Library | Reference Section | 02/17/2021 | Biblios Book Point, Surathkal-575014 | 495.00 | 530.02 PANN | 071965 | 02/17/2021 | 02/17/2021 | Reference |